000 00213nam a2200097Ia 4500
008 240331s9999 xx 000 0 und d
082 _bKAN
100 _aKanthi, K
245 0 _aNattar valviyalum panpadum
942 _cL
999 _c3641
_d3641